Charakterizácia odpadových vôd v ČR z hľadiska prítomnosti rezistentných baktérií bakalárska práca

Salvato in:
Dettagli Bibliografici
Autore principale: Hajdu, Filip
Natura: Libro
Lingua:slovacco
Pubblicazione: Bratislava STU FCHPT 2015
Accesso online:Visualizza in OPAC
Tags: Aggiungi Tag
Nessun Tag, puoi essere il primo ad aggiungerne!!

MARC

LEADER 00000nam a2200000 a 4500
005 20260127134418.0
008 160914 2015 000 0 slo d
035 |a vtls011579520 
039 9 |y 201609140940  |z mschk03 
040 |a STUSCHK1  |b slo  |c STUSCHK1  |e AACR2 
100 1 |a Hajdu, Filip 
245 1 |a Charakterizácia odpadových vôd v ČR z hľadiska prítomnosti rezistentných baktérií  |b bakalárska práca  |c Filip Hajdu 
260 |a Bratislava  |b STU FCHPT  |c 2015 
300 |a 52 s.  |b il.  |c 25 cm 
500 |a Študijný program: biotechnológia a potravinárska technológia 
500 |a Študijný odbor: biotechnológie 
500 |a Školiace pracovisko: Odd. výživy a hodnotenia potravín 
500 |a Evid. číslo: FCHPT-13567-42685 
910 |a SCHK95 
999 |c 12182  |d 12182